000 00315nam a22001337a 4500
008 170911b xxu||||| |||| 00| 0 eng d
020 _a9780073376707
041 _aeng
080 _210TH
_a91
100 _a42
101 _aGJEO
245 _aAN INTRODUCTION TO THE WORLD'S OCEANS
_cSVERDRUP,K.A
942 _2udc
_cBK
999 _c26964
_d26964